Ethica generalis /

Gespeichert in:
Bibliographische Detailangaben
1. Verfasser: Finance, Joseph de (autor)
Format: Buch
Sprache:Latein
Veröffentlicht: Roma, Italia : Pontificia Università Gregoriana, 1959
Tags: Tag hinzufügen
Keine Tags, Fügen Sie das erste Tag hinzu!

MARC

LEADER 00000nam^a2200000^a^4500
001 000572126
005 20250521000000.0
009 20260310132303.349
037 |a Acervo ITESO - Biblioteca 
041 |a LAT 
091 |a FGM. 04533 
100 |a Finance, Joseph de  |e (autor) 
245 1 0 |a Ethica generalis / 
264 1 |a Roma, Italia :  |b Pontificia Università Gregoriana,  |c 1959 
300 |a 336 p. 
336 |a texto  |b txt  |2 rdacontenido 
337 |a sin mediación  |b n  |2 rdamedio 
338 |a volumen  |b nc  |2 rdasoporte 
649 |a XX 
910 |a Fondo Efraín González Morfín 
920 |a Impresos - Libros 
930 |a Fondos Especiales 
905 |a 130 
901 |a 0500392978  |b IT2  |c ESL  |i D88870  |u 20250521 
902 |a https://opac.biblio.iteso.mx/vufind/Record/000572126